| 000 | 00710nam a2200205Ia 4500 | ||
|---|---|---|---|
| 003 | GCL | ||
| 008 | 140319s9999 xx 000 0 ara d | ||
| 040 |
_aGCL / _cGCL |
||
| 082 | 0 | 4 |
_a923.2 _bو ى |
| 100 | 1 | _aمحمد على كمال الدين (مترجم) | |
| 245 | 1 | 0 |
_aيوليوس قيصر (هدية نت الاديب عبدالفتاح الجمل) / _cمحمد على كمال الدين (مترجم) |
| 700 | 1 | _aمحمد على كمال الدين | |
| 700 | 1 | _aوود، ككليمنت | |
| 300 | _a71 ص | ||
| 490 |
_aكتاب _v0 |
||
| 650 | 0 | 4 | _aالملوك والحكام |
| 650 | 0 | 4 | _aاباطرة الرومان |
| 650 | 0 | 4 | _aالامبراطورية الرومانية |
| 942 |
_2ddc _cBK |
||
| 999 |
_c41779 _d41779 |
||